|
|
|
|
| LEADER |
02955nam a2200745 i 4500 |
| 001 |
nkc20233495055 |
| 003 |
CZ PrNK |
| 005 |
20230315151045.0 |
| 007 |
ta |
| 008 |
230124s2022 xr a f c 001 0dcze |
| 015 |
|
|
|a cnb003495055
|
| 020 |
|
|
|a 978-80-7560-447-7
|q (brožováno)
|
| 035 |
|
|
|a (OCoLC)1375349147
|
| 040 |
|
|
|a BOA001
|b cze
|d ABA001
|e rda
|
| 041 |
0 |
|
|a cze
|b eng
|
| 043 |
|
|
|a e-xr---
|
| 045 |
|
|
|a w0x4
|
| 072 |
|
7 |
|a 72
|x Architektura
|2 Konspekt
|9 21
|
| 080 |
|
|
|a 718
|2 MRF
|
| 080 |
|
|
|a 726.82
|2 MRF
|
| 080 |
|
|
|a (=112.2)
|2 MRF
|
| 080 |
|
|
|a 2-186
|2 MRF
|
| 080 |
|
|
|a 726.8
|2 MRF
|
| 080 |
|
|
|a 904:393
|2 MRF
|
| 080 |
|
|
|a (437.3)
|2 MRF
|
| 080 |
|
|
|a (083.824)
|2 MRF
|
| 245 |
0 |
0 |
|a Paměť hřbitovů :
|b sepulkrální památky někdejších Sudet : katalog výstavy /
|c Jitka Bílková, Petra Hečková (ed.)
|
| 246 |
3 |
0 |
|a Sepulkrální památky někdejších Sudet
|
| 250 |
|
|
|a Vydání první
|
| 264 |
|
1 |
|a Pardubice :
|b Univerzita Pardubice,
|c 2022
|
| 300 |
|
|
|a 303 stran :
|b ilustrace (převážně barevné) ;
|c 28 cm
|
| 336 |
|
|
|a text
|b txt
|2 rdacontent
|
| 337 |
|
|
|a bez média
|b n
|2 rdamedia
|
| 338 |
|
|
|a svazek
|b nc
|2 rdacarrier
|
| 500 |
|
|
|a Vydáno ke stejnojmenné výstavě konané v Muzeu dřevařství v Dlouhé Vsi
|
| 504 |
|
|
|a Obsahuje bibliografii, bibliografické odkazy a rejstřík
|
| 546 |
|
|
|a Anglické resumé
|
| 648 |
|
4 |
|a 1800-1945
|
| 648 |
|
7 |
|a 19.-20. století
|7 ch757015
|2 czenas
|
| 650 |
0 |
7 |
|a hřbitovy
|7 ph121017
|z Česko
|y 19.-20. století
|2 czenas
|
| 650 |
0 |
7 |
|a náhrobky
|7 ph123402
|z Česko
|y 19.-20. století
|2 czenas
|
| 650 |
0 |
7 |
|a Němci
|7 ph117943
|z Česko
|y 19.-20. století
|2 czenas
|
| 650 |
0 |
7 |
|a zemřelí
|7 ph127632
|z Česko
|y 19.-20. století
|2 czenas
|
| 650 |
0 |
7 |
|a sepulkrální architektura
|7 ph362004
|z Česko
|y 19.-20. století
|2 czenas
|
| 650 |
0 |
7 |
|a sepulkrální památky
|7 ph644790
|z Česko
|2 czenas
|
| 650 |
0 |
9 |
|a cemeteries
|z Czechia
|y 19th-20th centuries
|2 eczenas
|
| 650 |
0 |
9 |
|a tombstones
|z Czechia
|y 19th-20th centuries
|2 eczenas
|
| 650 |
0 |
9 |
|a Germans
|z Czechia
|y 19th-20th centuries
|2 eczenas
|
| 650 |
0 |
9 |
|a dead
|z Czechia
|y 19th-20th centuries
|2 eczenas
|
| 650 |
0 |
9 |
|a sepulchral architecture
|z Czechia
|y 19th-20th centuries
|2 eczenas
|
| 650 |
0 |
9 |
|a sepulchral monuments
|z Czechia
|2 eczenas
|
| 651 |
|
7 |
|a Sudety (Česko)
|7 ge128482
|2 czenas
|
| 651 |
|
9 |
|a Sudetenland (Czechia)
|2 eczenas
|
| 655 |
|
7 |
|a kolektivní monografie
|7 fd501537
|2 czenas
|
| 655 |
|
7 |
|a katalogy výstav
|7 fd132536
|2 czenas
|
| 655 |
|
9 |
|a collective monographs
|2 eczenas
|
| 655 |
|
9 |
|a exhibition catalogs
|2 eczenas
|
| 700 |
1 |
|
|a Bílková, Jitka
|7 xx0108669
|4 edt
|
| 700 |
1 |
|
|a Hečková, Petra,
|d 1979-
|7 mzk2008442919
|4 edt
|
| 710 |
2 |
|
|a Muzeum dřevařství (Dlouhá Ves, Klatovy, Česko)
|7 pna20221164081
|4 orm
|
| 910 |
2 |
|
|a BOA001
|b 3-1503.168
|
| 990 |
|
|
|a BK
|
| 995 |
|
|
|a 01
|
| 991 |
|
|
|b 202302
|c NOV
|
| 996 |
6 |
|
|b 2610929984
|c 3-1503.168
|l MZK
|r Sklad / do 1 hodiny
|n 0
|p p.v.
|w 001914097
|u 000010
|a 1
|e BOA001
|j MZK50
|s P
|